000 00353nam a2200145Ia 4500
008 230917s9999||||xx |||||||||||||| ||und||
040 _e41606
_aMAIN
041 _aEnglish
082 _a942 C771B
100 _aCook, Chris
245 0 _aBritish historical facts 1830-1900
260 _aLondon
_bMacmillan
_c1975
300 _axi, 279 p.
942 _cBK
999 _c154507
_d154507